000 00317nam a22001337a 4500
008 181029b xxu||||| |||| 00| 0 eng d
020 _a9780324650570
041 _aeng
080 _26 ED
_a330
100 _a59
101 _aBUS
245 _aIntroduction To Business Statistics
_cWeiers.R.M
942 _2udc
_cBK
999 _c50992
_d50992